ZigBee Wireless Networks and Transceivers
Na minha lista:
| Autor principal: | |
|---|---|
| Formato: | Livro |
| Idioma: | inglês |
| Publicado em: |
Oxford :
Newnes,
2008
|
| Assuntos: | |
| Tags: |
Sem tags, seja o primeiro a adicionar uma tag!
|
MARC
| LEADER | 00000nam a22000003a 4500 | ||
|---|---|---|---|
| 001 | stu219916 | ||
| 005 | 20150617230117.7 | ||
| 008 | 110111s2008----uk------------------eng-d | ||
| 020 | |a 978-0-7506-8393-7 | ||
| 040 | |a STU |b slo | ||
| 041 | 0 | |a eng | |
| 044 | |a uk | ||
| 100 | 1 | |a Farahani, Shahin |4 aut | |
| 245 | 1 | |a ZigBee Wireless Networks and Transceivers | |
| 260 | |a Oxford : |b Newnes, |c 2008 | ||
| 300 | |a 339 s | ||
| 650 | 7 | |a bezdrôtové siete |2 stusub | |
| 650 | 7 | |a Prijímače |2 stusub | |
| 996 | |b 284IK06455 |c I*5LS6242 |l II680 |s A |a 24 |w stu219916_0001 | ||